| 000 | 01383nam a2200373 a 4500 | ||
|---|---|---|---|
| 001 | ebr10161270 | ||
| 003 | CaPaEBR | ||
| 006 | m u | ||
| 007 | cr cn||||||||| | ||
| 008 | 080903s2005 enk sb 001 0 eng d | ||
| 020 | _z9780335213238 | ||
| 020 | _z9780335225019 | ||
| 020 | _z0335213235 (pbk.) | ||
| 020 | _z0335213243 (hardback) | ||
| 040 |
_aCaPaEBR _cCaPaEBR |
||
| 035 | _a(OCoLC)277199419 | ||
| 050 | 1 | 4 |
_aR726.8 _b.F57 2005eb |
| 100 | 1 | _aFirth, Pam. | |
| 245 | 1 | 0 |
_aLoss, change and bereavement in palliative care _h[electronic resource] / _cPam Firth, Gill Luff, and David Oliviere. |
| 260 |
_aMaidenhead, England : _bOpen University Press, _c2005. |
||
| 300 | _axxiv, 215 p. | ||
| 490 | 1 | _aFacing death | |
| 504 | _aIncludes bibliographical references and index. | ||
| 533 |
_aElectronic reproduction. _bPalo Alto, Calif. : _cebrary, _d2011. _nAvailable via World Wide Web. _nAccess may be limited to ebrary affiliated libraries. |
||
| 650 | 0 |
_aPalliative treatment _xPsychological aspects. |
|
| 650 | 0 | _aLoss (Psychology) | |
| 650 | 0 | _aBereavement. | |
| 655 | 7 |
_aElectronic books. _2local |
|
| 700 | 1 | _aLuff, Gill. | |
| 700 | 1 | _aOliviere, David. | |
| 710 | 2 | _aebrary, Inc. | |
| 830 | 0 | _aFacing death. | |
| 856 | 4 | 0 |
_uhttp://site.ebrary.com/lib/rucke/Doc?id=10161270 _zAn electronic book accessible through the World Wide Web; click to view |
| 999 |
_c132540 _d132540 |
||